[Event "Singapore Masters 3rd"]
[Site "Singapore"]
[Date "2006.12.29"]
[Round "8"]
[White "Ye, Naung Win Myint"]
[Black "Pham, Le Thao Nguyen"]
[Result "1-0"]
[WhiteElo "2524"]
[BlackElo "2277"]
[PlyCount "109"]
[EventDate "2006.12.26"]
[EventType "swiss"]
[EventRounds "9"]
[EventCountry "SIN"]
[SourceTitle "CBM 116 Extra"]
[Source "ChessBase"]
[SourceDate "2007.03.07"]
[SourceVersion "1"]
[SourceVersionDate "2007.03.07"]
[SourceQuality "1"]

1. d4 d5 2. c4 e6 3. Nc3 Nf6 4. Bg5 Be7 5. e3 h6 6. Bh4 0-0 7. Nf3 b6 8. Rc1 Bb7 9. Bxf6 Bxf6 10. cxd5 exd5 11. Bd3 Nd7 12. b4 c5 13. bxc5 bxc5 14. 0-0 c4 15. Bb1 Re8 16. Qc2 g6 17. Ne2 Nf8 18. Nf4 Rb8 19. Qa4 Qb6 20. h4 Bc6 21. Qd1 h5 22. g3 Qd8 23. Qc2 Qd7 24. Kg2 Rb6 25. Qc3 Qb7 26. Kg1 Qe7 27. Ng2 Qb4 28. Qc2 Ne6 29. Qd1 Qd6 30. Nf4 Nf8 31. Qd2 Reb8 32. Qc3 Qb4 33. Qc2 Qb2 34. Qd1 a6 35. Ne2 Rc8 36. Nc3 Qa3 37. Ne5 Qd6 38. Nxc6 Qxc6 39. Qf3 Rd8 40. Bc2 Bg7 41. Rb1 Rxb1 42. Rxb1 Ne6 43. Kg2 Bxd4 44. Ba4 Qa8 45. exd4 Nxd4 46. Qf6 Ne6 47. Bd1 d4+ 48. Bf3 Qc8 49. Nd5 Rd7 50. Ne7+ Rxe7 51. Qxe7 d3 52. Qd6 Kg7 53. Rb8 Qc5 54. Qxc5 Nxc5 55. Rc8 1-0

[Event "Singapore Masters 3rd"]
[Site "Singapore"]
[Date "2006.12.26"]
[Round "1"]
[White "Duong, The Anh"]
[Black "Ye, Naung Win Myint"]
[Result "0-1"]
[WhiteElo "2393"]
[BlackElo "2524"]
[PlyCount "72"]
[EventDate "2006.12.26"]
[EventType "swiss"]
[EventRounds "9"]
[EventCountry "SIN"]
[SourceTitle "CBM 116 Extra"]
[Source "ChessBase"]
[SourceDate "2007.03.07"]
[SourceVersion "1"]
[SourceVersionDate "2007.03.07"]
[SourceQuality "1"]

1. d4 d5 2. Nf3 Nf6 3. c4 c6 4. Nc3 dxc4 5. a4 Bf5 6. Ne5 e6 7. f3 Bb4 8. e4 Bxe4 9. fxe4 Nxe4 10. Bd2 Qxd4 11. Nxe4 Qxe4+ 12. Qe2 Bxd2+ 13. Kxd2 Qd5+ 14. Kc2 Na6 15. Nxc4 0-0 16. Qe5 Rfd8 17. Be2 f6 18. Qe3 Qf5+ 19. Kc3 Nc7 20. Qg3 e5 21. Qg4 Qf2 22. Rhd1 b5 23. axb5 Nxb5+ 24. Kb4 Nd4 25. Rxd4 Rxd4 26. Qf3 Qh4 27. Qxc6 Rad8 28. Rxa7 Qe1+ 29. Kb3 Qxe2 30. Qe6+ Kh8 31. Rc7 h6 32. Rc8 Qd3+ 33. Ka2 Rxc8 34. Qxc8+ Kh7 35. Na3 Rd8 36. Qc7 e4 0-1

[Event "Singapore Masters 3rd"]
[Site "Singapore"]
[Date "2006.12.26"]
[Round "2"]
[White "Ye, Naung Win Myint"]
[Black "Madjidov, Jasur"]
[Result "0-1"]
[WhiteElo "2524"]
[BlackElo "2238"]
[PlyCount "150"]
[EventDate "2006.12.26"]
[EventType "swiss"]
[EventRounds "9"]
[EventCountry "SIN"]
[SourceTitle "CBM 116 Extra"]
[Source "ChessBase"]
[SourceDate "2007.03.07"]
[SourceVersion "1"]
[SourceVersionDate "2007.03.07"]
[SourceQuality "1"]

1. d4 Nf6 2. c4 e6 3. Nc3 Bb4 4. e3 b6 5. Bd3 Bb7 6. f3 0-0 7. Nge2 c5 8. a3 cxd4 9. exd4 Bxc3+ 10. bxc3 Nc6 11. 0-0 Rc8 12. Be3 d6 13. c5 dxc5 14. Bb5 cxd4 15. Bxc6 Rxc6 16. Bxd4 Ba6 17. Re1 Nd5 18. Qd2 Bxe2 19. Rxe2 Ne7 20. a4 Nf5 21. a5 Rd6 22. axb6 Nxd4 23. cxd4 Qxb6 24. Qb2 Rxd4 25. Qxb6 axb6 26. Rb2 Rd6 27. Ra7 g5 28. Rb7 Rc8 29. R7xb6 Rc1+ 30. Kf2 Rd4 31. Ra2 g4 32. fxg4 Rxg4 33. h3 Rg5 34. Rb7 Rf5+ 35. Kg3 Rc4 36. Kh2 Kg7 37. Rd7 Rcf4 38. Rdd2 h5 39. Re2 h4 40. Rab2 Rc5 41. Re1 e5 42. Rbe2 Kf6 43. Rb1 Rc6 44. Rbe1 Re6 45. Rb1 e4 46. Rbe1 Re5 47. Kg1 Kf5 48. Re3 Rd5 49. R3e2 Ke5 50. Kh2 Rd4 51. Kg1 Rf6 52. Kh2 Rfd6 53. Rf1 f5 54. Ref2 Rf6 55. Re2 f4 56. Ra1 e3 57. Ra5+ Rd5 58. Ra8 Rd2 59. Re1 Rg6 60. Ra5+ Ke4 61. Ra4+ Rd4 62. Ra2 Re6 63. Rb2 Kf5 64. Rb5+ Re5 65. Rb2 Rd2 66. Rb8 Ke4 67. Rb4+ Kf5 68. Rb8 Re6 69. Rf8+ Rf6 70. Ra8 Rg6 71. Ra5+ Kf6 72. Ra6+ Kg7 73. Ra7+ Kh6 74. Rg1 f3 75. Kh1 f2 0-1

[Event "Yangon schev"]
[Site "Yangon"]
[Date "1999.02.04"]
[Round "5"]
[White "Htun, Lynn Kyaw"]
[Black "Ye, Naung Win Myint"]
[Result "0-1"]
[WhiteElo "2541"]
[BlackElo "2531"]
[PlyCount "66"]
[EventDate "1999.01.??"]
[EventType "schev"]
[EventRounds "14"]
[EventCountry "BUR"]
[SourceTitle "EXT 2000"]
[Source "ChessBase"]
[SourceDate "1999.11.16"]
[SourceVersion "1"]
[SourceVersionDate "1999.11.16"]
[SourceQuality "1"]

1. e4 e6 2. d3 c5 3. f4 d5 4. Nd2 Nc6 5. Ngf3 g6 6. g3 Bg7 7. Bg2 Nge7 8. 0-0 0-0 9. Re1 b5 10. e5 Ba6 11. c3 Qb6 12. Nf1 d4 13. cxd4 cxd4 14. g4 Rac8 15. Ng3 Nd5 16. Kh1 Rfd8 17. Ne4 Ncb4 18. Re2 Bf8 19. a3 Nc6 20. f5 b4 21. fxe6 fxe6 22. Bg5 Re8 23. Nf6+ Nxf6 24. Bxf6 Qb5 25. a4 Qb6 26. Ng5 b3 27. Be4 Nb4 28. Qf1 Bxd3 29. Nxh7 Rc2 30. Bxd3 Nxd3 31. Rxc2 bxc2 32. Qxd3 Qc6+ 33. Kg1 c1Q+ 0-1

[Event "Yangon schev"]
[Site "Yangon"]
[Date "1999.02.01"]
[Round "2"]
[White "Ye, Naung Win Myint"]
[Black "Ye, Jiangchuan"]
[Result "0-1"]
[WhiteElo "2531"]
[BlackElo "2564"]
[PlyCount "78"]
[EventDate "1999.01.??"]
[EventType "schev"]
[EventRounds "14"]
[EventCountry "BUR"]
[SourceTitle "EXT 2000"]
[Source "ChessBase"]
[SourceDate "1999.11.16"]
[SourceVersion "1"]
[SourceVersionDate "1999.11.16"]
[SourceQuality "1"]

1. d4 Nf6 2. c4 g6 3. Nc3 Bg7 4. e4 d6 5. Nge2 0-0 6. Ng3 c6 7. Be2 e5 8. d5 cxd5 9. cxd5 a6 10. a4 Nbd7 11. h4 h5 12. Bg5 Qb6 13. a5 Qc7 14. Bd2 b5 15. b4 Nh7 16. Rc1 Qd8 17. Bf3 Ndf6 18. Qe2 Ng4 19. Bxg4 Bxg4 20. f3 Bd7 21. Nf1 f5 22. Be3 Rc8 23. Nd2 Qe7 24. Bf2 Bh6 25. Be3 Bg7 26. Qd3 fxe4 27. Ndxe4 Rc4 28. Ng5 Bf5 29. Nce4 Nxg5 30. Bxg5 Qxg5 31. hxg5 Rxc1+ 32. Kf2 Rxh1 33. Qe3 Rc8 34. Qb6 Bxe4 35. fxe4 Rc2+ 36. Kg3 h4+ 37. Kf3 Rc3+ 38. Ke2 h3 39. gxh3 Rh2+ 0-1